| 000 | 00768nam a22002537a 4500 | ||
|---|---|---|---|
| 003 | CHAP | ||
| 005 | 20220329134721.0 | ||
| 008 | 971013s1964 r 00010 d | ||
| 010 | _a24738 | ||
| 011 | _a25710 | ||
| 035 | _a29810 | ||
| 040 | _cCHAP | ||
| 082 |
_a382 _bI58c |
||
| 110 |
_aInstituto de Desarrollo Económico _959113 |
||
| 245 |
_aComercio internacional _b: tendencias y lineamientos general |
||
| 260 |
_aWashington : _bInstituto de Desarrollo Económico, _c1964 |
||
| 300 | _a232 p | ||
| 590 |
_aBATCH-UPD _b10 _c20130110 _lUCH01 _h1333 |
||
| 590 |
_aCONVERSION _b10 _c20130109 _lUCH01 _h1314 |
||
| 650 | 1 | 4 |
_aComercio internacional. _925641 |
| 901 | _aBK | ||
| 942 | _cLIBRO | ||
| 949 |
_a382 I58c _bBC _cLIBRO _d33724000441317 _eLIBRO _h7079 _i29810 _mD _si |
||
| 999 |
_c24738 _d24738 |
||